000 00240nam a2200097Ia 4500
008 240331s9999 xx 000 0 und d
082 _bRAM
100 _aRamakrishna,H
245 0 _aSanctuary :
_ba play in six scenes with a prologue
942 _cL
999 _c3159
_d3159